000 01553cam a2200301 a 4500
001 vtls003111817
003 MY-SjTCS
005 20200226110835.0
008 110218s2007 njua b 001 0 eng
020 _a0471741892 (pbk.)
020 _a9780471741893 (pbk.)
035 _a14555743
039 9 _a201102181401
_bVLOAD
_c200803191730
_dpushpa
_y200803051017
_zmalathy
082 0 4 _a690.0218
_bCHI
100 1 _aChing, Francis D. K.,
_d1943-
_953418
245 1 0 _aBuilding codes illustrated :
_ba guide to understanding the 2006 International building code /
_cFrancis D.K. Ching, Steven R. Winkel.
250 _a2nd ed.
260 _aHoboken, N.J. :
_bJohn Wiley,
_cc2007.
300 _axiii, 400 p. :
_bill. ;
_c28 cm.
500 _a"International Code Council"--Cover.
504 _aIncludes bibliographical references (p. 379) and index.
505 0 _a1. Building codes - 2. Navigating the code - 3. Use and occupancy - 4. Special uses and occupancies - 5. Building heights and areas - 6. Types of construction - 7. Fire-resistive construction - 8. Interior finishes - 9. Fire-protection systems - 10. Means of egress - 11. Accessibility - 12. Interior environment - 13. Energy efficiency - 14. Exterior walls - 15. Roof assemblies - 16. Structural provisions - 17. Building materials and systems - 18. Existing structures - Index.
650 0 _aStandards, Engineering.
650 0 _aBuildings
_vSpecifications.
_937660
700 1 _aWinkel, Steven R.
_916472
710 2 _aInternational Code Council.
_923006
920 _aBLT(DIP) : 526722
999 _c72902